Normal view MARC view

Entry Nombre personal

Number of records used in: 2

001 - NÚMERO DE CONTROL

  • campo de control: 18808

003 - IDENTIFICADOR DE NÚMERO DE CONTROL

  • campo de control: SpMaBN

005 - FECHA Y HORA DE LA ÚLTIMA TRANSACCIÓN

  • campo de control: 20250714231512.0

008 - ELEMENTOS DE DATO DE LONGITUD-FIJA

  • campo de control de longitud fija: 960722nn ainnnaabn n aac ||

016 ## - NÚMERO DE CONTROL DE UNA AGENCIA BIBLIOGRÁFICA NACIONAL

  • Número de control del registro: BNE19990820842

040 ## - FUENTE DE CATALOGACIÓN

  • Centro catalogador/agencia de origen: SpMaBN
  • Lengua de catalogación: spa
  • Centro/agencia transcriptor: SpMaBN
  • Normas de descripción: rdc
  • Convención/Normas de encabezamiento de materia/tesauro: embne

100 1# - ENCABEZAMIENTO-NOMBRE DE PERSONA

  • Nombre de persona: Aguirre, Ángel M.

670 ## - FUENTE DE DATOS ENCONTRADOS

  • Cita de la fuente: La pelle della nostalgia, 2011
  • Información encontrada: port. (Ángel M. Aguirre)

670 ## - FUENTE DE DATOS ENCONTRADOS

  • Cita de la fuente: WWW ICCU Bibl. ita, 23-5-2012
  • Información encontrada: (Aguirre, Ángel M.)